000 00329nam a2200145Ia 4500
003 OSt
005 20240320122103.0
008 170523s9999 xx 000 0 und d
020 _a978-8120317239
040 _ciimtu meerut
100 _aNIGAM- JAIN
245 0 _aCOST ACCOUNTING
260 _bTATA MC GRAW HILL
942 _2ddc
_c02
999 _c1691
_d1691